| 000 | 01095nam0a2200325 4500 | ||
|---|---|---|---|
| 001 | RU\NLR\bibl\1753678 | ||
| 005 | 20250616121332.0 | ||
| 010 |
_a978-5-86388-160-7 _9200 |
||
| 021 |
_aRU _b2011-17988 _91275 |
||
| 035 | _a(NLR Aleph) 001744520 | ||
| 090 |
_a1480324 _c1480324 |
||
| 100 | _a20110331d2011 |||y0rusy50 ca | ||
| 101 | 0 | _arus | |
| 102 | _aRU | ||
| 105 | _ay ||||||||| | ||
| 200 | 1 |
_aАбилитационная компетентность родителей _eмонография _fТюрина Н.Ш. |
|
| 210 |
_aМосква _cПолиграф сервис _d2011 |
||
| 215 |
_a161 с. _d20 |
||
| 320 | _aБиблиогр.: с. 148-160 (148 назв.) | ||
| 606 | 1 |
_aДети с нарушением интеллекта _xВоспитание в семье _92536323 _3RU\NLR\auth\661501953 |
|
| 686 | _aЧ491.08 | ||
| 686 | _aЧ435.1 | ||
| 700 | 1 |
_aТюрина _bН. Ш. _gНадия Шамильевна _4070 |
|
| 801 | 0 |
_aRU _bNLR _c20110331 _gRCR |
|
| 801 | 1 |
_aRU _bNLR _c20110331 |
|
| 830 | _aпо кн | ||
| 942 | _cBOOK | ||
| 980 | _aNB | ||
| 980 | _aNBR | ||